000170906 001__ 170906 000170906 005__ 20260429150232.0 000170906 037__ $$aTAZ-TFG-2025-218 000170906 041__ $$aspa 000170906 1001_ $$aSnagrós Giménez, Berta 000170906 24200 $$aJudicial independence in Spain 000170906 24500 $$aLa independencia judicial en España 000170906 260__ $$aZaragoza$$bUniversidad de Zaragoza$$c2025 000170906 506__ $$aby-nc-sa$$bCreative Commons$$c3.0$$uhttp://creativecommons.org/licenses/by-nc-sa/3.0/ 000170906 520__ $$aLa independencia judicial es un pilar fundamental de cualquier estado democrático que tiene por finalidad garantizar la imparcialidad, la justicia y el Estado de Derecho. En el contexto español, la independencia judicial ha sido objeto de atención y debate continuo, especialmente en un momento en el que la sociedad demanda una administración de justicia transparente y libre de influencias políticas o externas.El trabajo trata de estudiar la independencia judicial en España, examinando su marco normativo, su contexto histórico, sus implicaciones en el sistema jurídico y su aplicación práctica en el ámbito judicial. Además, se analiza la vinculación entre el principio de independencia judicial y la división de poderes, el Estado de Derecho y las garantías democráticas en España.<br /> 000170906 521__ $$aPrograma conjunto en ADE/DERECHO (Grados) 000170906 540__ $$aDerechos regulados por licencia Creative Commons 000170906 691__ $$a0 000170906 692__ $$a 000170906 700__ $$aGuerrero Vázquez, Pablo Jesús$$edir. 000170906 7102_ $$aUniversidad de Zaragoza$$bDerecho Público$$c 000170906 8560_ $$f775600@unizar.es 000170906 8564_ $$s633226$$uhttps://zaguan.unizar.es/record/170906/files/TAZ-TFG-2025-218.pdf$$yMemoria (spa) 000170906 909CO $$ooai:zaguan.unizar.es:170906$$pdriver$$ptrabajos-fin-grado 000170906 950__ $$a 000170906 951__ $$adeposita:2026-04-29 000170906 980__ $$aTAZ$$bTFG$$cDER 000170906 999__ $$a20250206113308.CREATION_DATE